000 00718nam a2200241Ia 4500
003 OSt
005 20220927104755.0
006 a|||||r|||| 00| 0
007 ta
008 220926b |||||||| |||| 00| 0 eng d
024 _a153864
037 _cReference Collections
040 _aRTL
_cRTL
_beng
041 _2eng
_aeng
082 _a"X, M7/GD"
110 _aOrganization for Economic Co-operation and Development.
_9367290
245 0 _aStructural adjust and economic performance
260 _aDelhi
_bOECD
_c1987
300 _a133p
_ccm.
700 _aOrganization for Economic Co-operation and Development.
_9367291
942 _h"X, M7/GD"
_cCC
999 _c688650
_d688650